000 00943nam a2200265Ia 4500
003 OSt
005 20221005112258.0
006 a|||||r|||| 00| 0
007 ta
008 221004b |||||||| |||| 00| 0 pan d
020 _a9788178564180 (hbk)
_cIndian Rupees 220
024 _a38635
037 _bGift, 16/07/2018,
_cTextual
040 _aCRL
_cCRL
_bpan
041 _2pan
_apan
082 _aO153,2x, Q4
100 _aਕੌਰ, ਰਜਿੰਦਰ, ਂਚ.
245 0 _aਸਮਾਂ ਮੰਗ ਕਰਦਾ ਹੈ
_b ਨਾਟ-ਦ੍ਰਿFਟੀ
260 _aਅੰਮ੍ਰਿਤਸਰ
_bਵਾਰਿਸ Fਾਹ ਖ਼ਾਉਡੇFਨ ਭਾਰਤ
_c2014
300 _a100ਪ0
_ccm.
650 _a ਪੰਜਾਬੀ ਨਾਟਕ
650 _aਪੰਜਾਾਬੀ ਸਾਹਿਤ
942 _hO153,2x, Q4
_cTEXL
_2cc
999 _c1024397
_d1024397